Analýza frekvenčných vlastností zvukových zariadení s využitím PC

Gespeichert in:
Bibliographische Detailangaben
1. Verfasser: Schlosser, Felix (Verfasst von)
Weitere Verfasser: Kubinec, Peter (Betreuung Doktorarbeit)
Format: Manuskript Buch
Sprache:Slowakisch
Veröffentlicht: 2015
Schlagworte:
Online-Zugang:http://is.stuba.sk/zp/portal_zp.pl?podrobnosti=111770
Tags: Tag hinzufügen
Keine Tags, Fügen Sie das erste Tag hinzu!

MARC

LEADER 00000ntm a22000003a 4500
001 stuzp49588
003 SK-STU
005 20160719153327.1
007 ta
008 150427s2015----xo-----f-mn---000-0-slo-d
040 |a STU  |b slo 
041 0 |a slo 
100 1 |a Schlosser, Felix  |u 033000  |4 aut  |U FEI Fakulta elektrotechniky a informatiky  |T FEI Ústav elektroniky a fotoniky  |X 29018  |U E030  |Y 549  |7 A000029018 
242 0 1 |a Analysis of sound equipment frequency characteristics by the PC  |y eng 
245 1 0 |a Analýza frekvenčných vlastností zvukových zariadení s využitím PC 
260 |c 2015 
300 |a 100 s., príl.  |b CD-ROM 
650 4 |a Web Audio API  |2 slo 
650 4 |a akustické meranie  |2 slo 
650 4 |a softvér  |2 slo 
650 4 |a acoustic measurment  |2 eng 
650 4 |a Web Audio API  |2 eng 
650 4 |a software  |2 eng 
700 1 |a Kubinec, Peter  |4 ths  |X 2052  |7 A000002052 
856 4 |u http://is.stuba.sk/zp/portal_zp.pl?podrobnosti=111770 
996 |b 284EP11122  |c E*DIPL- 11122  |l EE33  |s P  |a 0  |w stuzp49588_0001 
SQL |a stuzp49588  |b DDP  |c SLO  |d Analýza frekvenčných vlastností zvukových zariadení s využitím PC  |e 29018  |f Schlosser, Felix  |g 033000  |h 2052  |i Kubinec, Peter  |j 20150619  |k 85  |l 03  |m http://is.stuba.sk/zp/portal_zp.pl?podrobnosti=111770  |n I-RE  |o 5.2.13. elektronika